000 00501nam a2200181 4500
005 20260108125232.0
008 260108b |||||||| |||| 00| 0 eng d
020 _a978-81-8430-350-6
041 _aEnglish
082 _aX 920 KAL
_bB12129
100 _aKalam, APJ Abdul
_9216224
110 _aTiwari, Arun
_9216225
245 _aYou Are Born To Blossom
_b:Take my Journey Beyond
260 _aNew Delhi
_bOcean Books Ltd
_c2025
300 _a176p.
_bHB
365 _aRupaye
_b264
_cINR
942 _cBK
999 _c369763
_d369763